Normal view
MARC view
Entry Personal Name
001 - CONTROL NUMBER
- control field: 349457
003 - CONTROL NUMBER IDENTIFIER
- control field: OSt
005 - DATE AND TIME OF LATEST TRANSACTION
- control field: 20220926044840.0
008 - FIXED-LENGTH DATA ELEMENTS
- fixed length control field: 220926|| aca||aabn | a|a d
040 ## - CATALOGING SOURCE
- Original cataloging agency: OSt
- Transcribing agency: OSt
100 ## - HEADING--PERSONAL NAME
- Personal name: Schwartz George
670 ## - SOURCE DATA FOUND
- Source citation: Work cat.: (OSt)675955: Schwartz George, Development of marketing theory, 1963
